| 000 | 01458nam a2200361 a 4500 | ||
|---|---|---|---|
| 001 | ebr10192304 | ||
| 003 | CaPaEBR | ||
| 006 | m u | ||
| 007 | cr cn||||||||| | ||
| 008 | 040209s2004 txua sq s000 0aeng | ||
| 010 | _z 2004002633 | ||
| 020 | _z0292728433 (alk. paper) | ||
| 040 |
_aCaPaEBR _cCaPaEBR |
||
| 035 | _a(OCoLC)614468185 | ||
| 043 | _an-us--- | ||
| 050 | 1 | 4 |
_aPS3557.O65425 _bZ44 2004eb |
| 082 | 0 | 4 |
_a791.43/0232/092 _aB _222 |
| 100 | 1 |
_aGordon, Bernard, _d1918-2007. |
|
| 245 | 1 | 4 |
_aThe Gordon file _h[electronic resource] : _ba screenwriter recalls twenty years of FBI surveillance / _cby Bernard Gordon. |
| 250 | _a1st ed. | ||
| 260 |
_aAustin : _bUniversity of Texas Press, _c2004. |
||
| 300 |
_a344 p. : _bill. |
||
| 504 | _aBernard Gordon filmography": p. [341]-344. | ||
| 533 |
_aElectronic reproduction. _bPalo Alto, Calif. : _cebrary, _d2013. _nAvailable via World Wide Web. _nAccess may be limited to ebrary affiliated libraries. |
||
| 600 | 1 | 0 |
_aGordon, Bernard, _d1918-2007. |
| 610 | 1 | 0 |
_aUnited States. _bFederal Bureau of Investigation. |
| 650 | 0 |
_aScreenwriters _zUnited States _vBiography. |
|
| 650 | 0 |
_aBlacklisting of authors _zUnited States. |
|
| 650 | 0 |
_aMotion picture industry _zUnited States. |
|
| 655 | 7 |
_aElectronic books. _2local |
|
| 710 | 2 | _aebrary, Inc. | |
| 856 | 4 | 0 |
_uhttp://site.ebrary.com/lib/rucke/Doc?id=10192304 _zAn electronic book accessible through the World Wide Web; click to view |
| 999 |
_c219621 _d219621 |
||